[Event "EU Union-ch U14 18th"]
[Site "Mureck"]
[Date "2021.08.12"]
[Round "9"]
[White "Hansson, Pavel"]
[Black "Schmid, Johannes"]
[Result "1/2-1/2"]
[WhiteElo "1067"]
[BlackElo "1119"]
[PlyCount "81"]
[EventDate "2021.08.04"]
[EventType "swiss"]
[EventRounds "9"]
[EventCountry "AUT"]
[SourceTitle "EXT 2022"]
[Source "ChessBase"]
[SourceDate "2021.10.06"]
[SourceVersion "1"]
[SourceVersionDate "2021.10.06"]
[SourceQuality "1"]

1. e4 c5 2. Nf3 d6 3. Nc3 Nf6 4. Bb5+ Nc6 5. d4 a6 6. Bxc6+ bxc6 7. dxc5 dxc5 8. Qxd8+ Kxd8 9. 0-0 g6 10. Ne5 Ke8 11. Nxc6 Bb7 12. e5 Bxc6 13. exf6 exf6 14. Re1+ Kd7 15. Bf4 Re8 16. Rad1+ Kc8 17. Rxe8+ Bxe8 18. Bd6 Bb5 19. g3 f5 20. Nxb5 axb5 21. Bxf8 Rxf8 22. Rd5 Kb7 23. Rxc5 Kb6 24. Rd5 Rc8 25. c3 Re8 26. Rd2 Ra8 27. a3 Kc6 28. f4 Ra7 29. Kf2 Re7 30. Re2 Re4 31. Rxe4 fxe4 32. b3 f5 33. Ke3 h5 34. Kd4 Kd6 35. c4 bxc4 36. Kxc4 Kc6 37. a4 Kb6 38. b4 Ka6 39. a5 Kb7 40. b5 Ka7 41. b6+ 1/2-1/2